书目信息 |
| 题名: |
百年诺贝尔奖
|
|
| 作者: | 谭树杰 编 | |
| 分册: | 物理卷 | |
| 出版信息: | 上海 上海科学技术出版社 2001 |
|
| 页数: | 268页 | |
| 开本: | 20cm | |
| 丛书名: | ||
| 单 册: | ||
| 中图分类: | G311 | |
| 科图分类: | ||
| 主题词: | 科研管理 | |
| 电子资源: | ||
| ISBN: | 7-5323-6113-6 | |
| 000 | 00614nam0 2200217 450 | |
| 001 | 0655018453 | |
| 005 | 20060117152504.39 | |
| 010 | @a7-5323-6113-6@dCNY18.00 | |
| 100 | @a20060117d2001 km y0chiy0120 ea | |
| 101 | 0 | @achi |
| 102 | @aCN@b310000 | |
| 105 | @aa z 000yy | |
| 200 | 1 | @a百年诺贝尔奖@Abai nian nuo bei er jiang@i物理卷@f谭树杰编@Ftan shu jie bian |
| 210 | @a上海@c上海科学技术出版社@d2001 | |
| 215 | 1 | @a268页@c插图@d20cm |
| 517 | 1 | @a物理卷@Awu li juan |
| 606 | 0 | @a科研管理 |
| 690 | @aG311@v4 | |
| 701 | 0 | @a谭树杰@Atan shu jie@4编 |
| 801 | 0 | @aCN@bPFT@c20060117 |
| 905 | @a10447@dG311@e16:1 | |
| 百年诺贝尔奖.物理卷/谭树杰编.-上海:上海科学技术出版社,2001 |
| 268页:插图;20cm |
| ISBN 7-5323-6113-6:CNY18.00 |
| ● |
| 相关链接 |
|
|
|
|
正题名:百年诺贝尔奖
索取号:G311/16:1
 
预约/预借
| 序号 | 登录号 | 条形码 | 馆藏地/架位号 | 状态 | 备注 |
| 1 | 0338143 | 203381438 | 第一样本阅览室/ [索取号:G311/16:1] | 在馆 | |
| 2 | 0338144 | 203381447 | 密集书库-物理学院/ [索取号:G311/16:1] | 在馆 | |
| 3 | 0338145 | 203381456 | 第四借阅区/ [索取号:G311/16:1] | 在馆 | |
| 4 | 0338146 | 203381465 | 第四借阅区/ [索取号:G311/16:1] | 在馆 | |
| 5 | 0338147 | 203381474 | 第四借阅区/ [索取号:G311/16:1] | 在馆 |